000 00863nam a22002897a 4500
001 BR2018000100
003 BR-BrBNA
005 20230928105221.0
007 ta
008 230509b bl.||||| |||| 00| 0 por d
040 _aBR-BrBNA
_bpor
_cBiblioteca Nacional de Agricultura
041 _a(Por)
072 _aE11
090 _ E11 BR2018000100
100 1 _aMarques, V.P.M. de A.
100 1 _aGrossi, M.E. del
100 1 _aFrança, C.G. de
110 1 _aMinistério do Desenvolvimento Agrário, Brasília, DF (Brasil)
_97107
245 1 _aO censo 2006 e a reforma agrária: aspectos metodológicos e primeiros resultados
260 3 _aBrasília, DF (Brasil):
_c2012.
300 _a107 p.
500 _a23 ref.; 26 tables
650 _aREFORMA AGRÁRIA
650 _aCENSO AGROPECUÁRIO
909 _a202309
_bLucia
_c55
_dLucia Elande
942 _cBK
999 _c84089
_d84089